000 00614nam a2200229Ia 4500
003 OSt
005 20221007064144.0
006 a|||||r|||| 00| 0
007 ta
008 221006b |||||||| |||| 00| 0 eng d
024 _a43,152
037 _cTextual
040 _aFLL
_cFLL
_beng
041 _2eng
_aeng
082 _aU287:(Z).1, Q2
100 _aRichardson B.J. Ed.
_9685380
245 0 _aLocal climate change law
260 _aCheltenham
_bEdward Elgar
_c2012
300 _a401 xviii
_ccm.
942 _hU287:(Z).1, Q2
_cTEXL
_2CC
999 _c1133137
_d1133137